Normal view
MARC view
- Grover, Velma I.
Entry Personal Name
001 - CONTROL NUMBER
- control field: 26396
003 - CONTROL NUMBER IDENTIFIER
- control field: NUST
005 - DATE AND TIME OF LATEST TRANSACTION
- control field: 20191203101650.0
008 - FIXED-LENGTH DATA ELEMENTS
- fixed length control field: 191203|| aca||aabn | a|a d
040 ## - CATALOGING SOURCE
- Original cataloging agency: NUST
- Transcribing agency: NUST
100 ## - HEADING--PERSONAL NAME
- Personal name: Grover, Velma I.
670 ## - SOURCE DATA FOUND
- Source citation: Work cat.: (NUST)0: Water co-management /
